|
|
|
|
| LEADER |
00790nam a22002297a 4500 |
| 001 |
3803 |
| 003 |
BD-DhAAL |
| 005 |
20151226201733.0 |
| 008 |
151226s 1992enk a||| |||| 00| 0 eng d |
| 020 |
|
|
|a 09077164811
|
| 040 |
|
|
|a BD-DhAAL
|c BD-DhAAL
|
| 082 |
|
|
|a 361.7/0941
|
| 100 |
|
|
|a Callaghan, John
|9 16990
|
| 245 |
|
|
|a Costing for contracts /
|c John Callaghan
|
| 260 |
|
|
|a London :
|b Directory of cocial change,
|c 1992.
|
| 300 |
|
|
|a 192 p. :
|b ill. ;
|c 22 cm.
|
| 541 |
|
|
|e 3803
|
| 650 |
|
|
|a Voluntary organisations
|x Contracts
|9 16991
|
| 651 |
|
|
|a Great Britain
|9 16992
|
| 942 |
|
|
|2 ddc
|c BK
|
| 999 |
|
|
|c 36453
|d 36453
|
| 952 |
|
|
|0 0
|1 0
|2 ddc
|4 0
|6 361_700000000000000_0941_CAL
|7 0
|9 57370
|a SCL
|b SCL
|c GEN
|d 2015-12-26
|e Gift: The British Council
|l 0
|o 361.70941 CAL
|p 3020003803
|r 2015-12-26
|t 1
|w 2015-12-26
|y BK
|